000 00537nam a22001697a 4500
005 20251108165301.0
008 250721s1995 xx 000 0 ara d
082 1 4 _a631.54/أحم
100 1 _aحسن، أحمد عبد المنعم
245 1 0 _aالأساس الفسيولوجي للتحسين الوراثي في النباتات /
264 1 _aالقاهرة :
_bالمكتبة الأكاديمية،
_c1995.
300 _a328ص
650 1 7 _aالزراعة
650 1 7 _aالنباتات
942 _2ddc
_cBK
999 _c24091
_d24091